| 000 | 00418 a2200157 4500 | ||
|---|---|---|---|
| 003 | Nust | ||
| 005 | 20170207154603.0 | ||
| 040 | _cNust | ||
| 082 | _a005.1 | ||
| 100 | _aKhalid, Saifullah MSCS-17 | ||
| 245 |
_aLoad Balanced Routing for Lifetime Maximization in Mobile Wireless Sensor Networks _cNC Saifullah Khalid |
||
| 260 |
_aMCS _c2013 |
||
| 300 | _avii,55 p | ||
| 538 | _aAlmirah No 72 Shelf No 5 | ||
| 650 | _aMSCS Thesis | ||
| 942 | _cTHS | ||
| 999 |
_c198685 _d198685 |
||